HOW MUCH CAN I SPEND IN RETIREMENT A GUI (Record no. 30747)

MARC details
000 -LEADER
fixed length control field 00322nam a2200121Ia 4500
008 - FIXED-LENGTH DATA ELEMENTS--GENERAL INFORMATION
fixed length control field 240624s9999 xx 000 0 und d
041 ## - LANGUAGE CODE
Language code of text/sound track or separate title eng
082 ## - DEWEY DECIMAL CLASSIFICATION NUMBER
Classification number 332.024 PFA
100 ## - MAIN ENTRY--PERSONAL NAME
Personal name PIGNATARO PAUL
245 ## - TITLE STATEMENT
Title HOW MUCH CAN I SPEND IN RETIREMENT A GUI
260 ## - PUBLICATION, DISTRIBUTION, ETC.
Date of publication, distribution, etc. 2017
Place of publication, distribution, etc. Virginia
Name of publisher, distributor, etc. Retirement Research Media
365 ## - TRADE PRICE
Currency code RS
Holdings
Withdrawn status Lost status Damaged status Not for loan Home library Current library Shelving location Date acquired Cost, normal purchase price Full call number Barcode Date last seen Price effective from Koha item type
        IMTN IMTN Rack 9-A 05/02/2018 2759.00 332.024 PFA 30747 06/24/2024 06/24/2024 Books
Designed & Maintained by: LRC IMT Nagpur Contact: lrc@imtnag.ac.in© 2024. All Rights Reserved.